Data dołączenia do ONZ - Statystyki

Ogólne statystyki
  • Ten quiz został rozwiązany 6 razy
  • Średni wynik to 52 z 196
Statystyki odpowiedzi
Hint Odpowiedź % Poprawnych
Polska 1945
67%
Południowa Afryka 1945
67%
Afganistan 1946
67%
Belgia 1945
50%
Białoruś 1945
50%
Boliwia 1945
50%
Brazylia 1945
50%
Chiny 1945
50%
Dania 1945
50%
Francja 1945
50%
Grecja 1945
50%
Holandia 1945
50%
Indie 1945
50%
Iran 1945
50%
Luksemburg 1945
50%
Meksyk 1945
50%
Rosja 1945
50%
Stany Zjednoczone 1945
50%
Syria 1945
50%
Ukraina 1945
50%
Wielka Brytania 1945
50%
Szwecja 1946
50%
Izrael 1949
50%
Albania 1955
50%
Austria 1955
50%
Węgry 1955
50%
Estonia 1991
50%
Litwa 1991
50%
Łotwa 1991
50%
Bośnia i Hercegowina 1992
50%
Chorwacja 1992
50%
Czechy 1993
50%
Macedonia Północna 1993
50%
Czarnogóra 2006
50%
Argentyna 1945
33%
Australia 1945
33%
Chile 1945
33%
Egipt 1945
33%
Etiopia 1945
33%
Filipiny 1945
33%
Haiti 1945
33%
Honduras 1945
33%
Irak 1945
33%
Kanada 1945
33%
Kolumbia 1945
33%
Kostaryka 1945
33%
Kuba 1945
33%
Liban 1945
33%
Liberia 1945
33%
Norwegia 1945
33%
Nowa Zelandia 1945
33%
Panama 1945
33%
Paragwaj 1945
33%
Peru 1945
33%
Turcja 1945
33%
Urugwaj 1945
33%
Islandia 1946
33%
Indonezja 1950
33%
Bułgaria 1955
33%
Finlandia 1955
33%
Hiszpania 1955
33%
Irlandia 1955
33%
Portugalia 1955
33%
Rumunia 1955
33%
Włochy 1955
33%
Japonia 1956
33%
Maroko 1956
33%
Bangladesz 1974
33%
Wietnam 1977
33%
Azerbejdżan 1992
33%
Kazachstan 1992
33%
Mołdawia 1992
33%
Słowenia 1992
33%
Tadżykistan 1992
33%
Słowacja 1993
33%
Serbia 2000
33%
Szwajcaria 2002
33%
Timor Wschodni 2002
33%
Sudan Południowy 2011
33%
Arabia Saudyjska 1945
17%
Dominikana 1945
17%
Ekwador 1945
17%
Gwatemala 1945
17%
Nikaragua 1945
17%
Salwador 1945
17%
Wenezuela 1945
17%
Tajlandia 1946
17%
Jemen 1947
17%
Pakistan 1947
17%
Mjanma 1948
17%
Jordania 1955
17%
Kambodża 1955
17%
Laos 1955
17%
Libia 1955
17%
Nepal 1955
17%
Sri Lanka 1955
17%
Sudan 1956
17%
Tunezja 1956
17%
Ghana 1957
17%
Malezja 1957
17%
Gwinea 1958
17%
Benin 1960
17%
Burkina Faso 1960
17%
Cypr 1960
17%
Czad 1960
17%
Demokratyczna Republika Konga 1960
17%
Gabon 1960
17%
Kamerun 1960
17%
Kongo 1960
17%
Madagaskar 1960
17%
Mali 1960
17%
Niger 1960
17%
Nigeria 1960
17%
Republika Środkowoafrykańska 1960
17%
Senegal 1960
17%
Somalia 1960
17%
Togo 1960
17%
Wybrzeże Kości Słoniowej 1960
17%
Mauretania 1961
17%
Mongolia 1961
17%
Sierra Leone 1961
17%
Tanzania 1961
17%
Algieria 1962
17%
Burundi 1962
17%
Jamajka 1962
17%
Rwanda 1962
17%
Trynidad i Tobago 1962
17%
Uganda 1962
17%
Kenia 1963
17%
Kuwejt 1963
17%
Malawi 1964
17%
Malta 1964
17%
Zambia 1964
17%
Watykan (obserwator) 1964
17%
Gambia 1965
17%
Malediwy 1965
17%
Singapur 1965
17%
Barbados 1966
17%
Botswana 1966
17%
Gujana 1966
17%
Lesotho 1966
17%
Eswatini 1968
17%
Gwinea Równikowa 1968
17%
Mauritius 1968
17%
Fidżi 1970
17%
Bahrajn 1971
17%
Bhutan 1971
17%
Katar 1971
17%
Oman 1971
17%
Zjednoczone Emiraty Arabskie 1971
17%
Bahamy 1973
17%
Niemcy 1973
17%
Grenada 1974
17%
Gwinea Bissau 1974
17%
Komory 1975
17%
Mozambik 1975
17%
Papua-Nowa Gwinea 1975
17%
Republika Zielonego Przylądka 1975
17%
Surinam 1975
17%
Wyspy Świętego Tomasza i Książęca 1975
17%
Angola 1976
17%
Samoa 1976
17%
Seszele 1976
17%
Dżibuti 1977
17%
Dominika 1978
17%
Wyspy Salomona 1978
17%
Saint Lucia 1979
17%
Saint Vincent i Grenadyny 1980
17%
Zimbabwe 1980
17%
Antigua i Barbuda 1981
17%
Belize 1981
17%
Vanuatu 1981
17%
Saint Kitts i Nevis 1983
17%
Brunei 1984
17%
Liechtenstein 1990
17%
Namibia 1990
17%
Korea Południowa 1991
17%
Korea Północna 1991
17%
Mikronezja 1991
17%
Wyspy Marshalla 1991
17%
Armenia 1992
17%
Gruzja 1992
17%
Kirgistan 1992
17%
San Marino 1992
17%
Turkmenistan 1992
17%
Uzbekistan 1992
17%
Andora 1993
17%
Erytrea 1993
17%
Monako 1993
17%
Palau 1994
17%
Zakon Maltański (obserwator) 1994
17%
Kiribati 1999
17%
Nauru 1999
17%
Tonga 1999
17%
Tuvalu 2000
17%
Palestyna (obserwator) 2012
17%
Nie znaleziono quizów pasujących do podanych kryteriów
Rozkład punktacji
Procent ludzi z każdym wynikiem
Percentyl według liczby udzielonych odpowiedzi
Twoja historia wyników
Nie rozwiązałeś tego quizu